Loading...
| Literature - European | 0 | 6 | 0 | 1 | 60 | 105 | 129.17 | 0 | 0 | 0.00 | 0.00 |
| Science - Biology | 0 | 6 | 1 | 0 | 55 | 39 | 88.17 | 1 | 2 | 0.00 | 0.00 |
| History - American | 0 | 5 | 0 | 2 | 50 | 89 | 110.00 | 0 | 1 | 0.00 | 0.00 |
| Science - Chemistry | 0 | 5 | 0 | 0 | 50 | 68 | 107.40 | 0 | 1 | 0.00 | 0.00 |
| Philosophy | 0 | 5 | 1 | 1 | 45 | 82 | 106.80 | 0 | 1 | 0.00 | 0.00 |
| Science - Other | 0 | 5 | 2 | 0 | 40 | 46 | 78.20 | 1 | 4 | 0.00 | 0.00 |
| Literature - American | 0 | 4 | 0 | 0 | 40 | 61 | 101.25 | 0 | 0 | 0.00 | 0.00 |
| Science - Physics | 0 | 5 | 3 | 2 | 35 | 70 | 104.60 | 0 | 0 | 0.00 | 0.00 |
| Fine Arts - Other | 0 | 4 | 1 | 1 | 35 | 36 | 110.50 | 1 | 2 | 0.00 | 0.00 |
| Social Science | 0 | 3 | 0 | 2 | 30 | 114 | 119.00 | 0 | 0 | 0.00 | 0.00 |
| Religion | 0 | 3 | 1 | 1 | 25 | 98 | 109.67 | 0 | 2 | 0.00 | 0.00 |
| Literature - World/Other | 0 | 3 | 2 | 0 | 20 | 121 | 134.00 | 0 | 1 | 0.00 | 0.00 |
| Mythology | 0 | 2 | 0 | 0 | 20 | 50 | 68.50 | 0 | 1 | 0.00 | 0.00 |
| Other Academic | 0 | 2 | 0 | 0 | 20 | 94 | 99.00 | 0 | 1 | 0.00 | 0.00 |
| Fine Arts - Classical Music | 0 | 2 | 1 | 0 | 15 | 118 | 119.50 | 0 | 0 | 0.00 | 0.00 |
| History - European | 0 | 2 | 1 | 0 | 15 | 75 | 96.50 | 0 | 1 | 0.00 | 0.00 |
| Literature - British | 0 | 2 | 1 | 0 | 15 | 89 | 107.50 | 0 | 1 | 0.00 | 0.00 |
| History - Other | 0 | 2 | 2 | 1 | 10 | 65 | 87.00 | 0 | 1 | 0.00 | 0.00 |
| Geography/Current Events | 0 | 1 | 1 | 0 | 5 | 100 | 100.00 | 0 | 0 | 0.00 | 0.00 |
| Fine Arts - Visual | 0 | 1 | 1 | 0 | 5 | 151 | 151.00 | 0 | 0 | 0.00 | 0.00 |
| History - World | 0 | 1 | 2 | 1 | 0 | 121 | 121.00 | 0 | 0 | 0.00 | 0.00 |
| Pop Culture | 0 | 0 | 0 | 0 | 0 | 0.00 | 0 | 0 | 0.00 | 0.00 |